Pracovní právo /

Uložené v:
Podrobná bibliografia
Hlavný autor: Bělina, Miroslav, 1950-
Médium: Kniha
Jazyk:Czech
Vydané: V Praze : C.H. Beck, 2012.
Vydanie:5., dopl. a podstatně přeprac. vyd.
Edícia:Beckovy právnické učebnice
Témy:
ISBN: 9788074004056 (viaz.)
Fyzický popis: xxxv, 599 s. ; 23 cm.
Tagy: Pridať tag
Žiadne tagy, Buďte prvý kto otaguje tento záznam!

MARC

LEADER 00000nam a2200000 a 4500
001 000411708
005 20130410080132.0
008 120411s2012 xr g p 001 0 cze d
020 |a 9788074004056 (viaz.) 
040 |a SVKKK  |b slo  |c SVKKK  |e AACR2 
041 0 |a cze 
043 |a e-xr--- 
044 |a xr  |c CZ 
072 7 |a 349  |x Pracovné, sociálne, stavebné právo. Právo životného prostredia  |2 konspekt 
080 |a 349.2  |2 2001 
080 |a (437.3)  |2 2001 
080 |a (075)  |2 2001 
100 1 |a Bělina, Miroslav,  |d 1950- 
245 1 0 |a Pracovní právo /  |c Miroslav Bělina a kolektiv. 
250 |a 5., dopl. a podstatně přeprac. vyd. 
260 |a V Praze :  |b C.H. Beck,  |c 2012. 
300 |a xxxv, 599 s. ;  |c 23 cm. 
490 1 |a Právnické učebnice 
500 |a Biograf. údaje o aut. 
504 |a Skratky: s. [xxxiii]-xxxv; bibliografia: s. [573]-588; vecný register: s. [589]-599 
521 4 |a Určené študent. práv. fakúlt., ale aj odbor. verejnosti a všetkým, ktorí chcú získať prehľad o prac. práve 
650 0 7 |a pracovné právo  |2 SVKKKPH 
651 7 |a Česko  |2 SVKKKPH 
655 7 |a učebnice  |2 SVKKKPH 
830 0 |a Beckovy právnické učebnice 
910 |a svkkk 
919 |a 978-80-7400-405-6 
998 |a BK 
090 |g SCKHL  |k Sklad Hlavná 10 prízemie  |a IV.216282  |j 1042013  |i 2720265250  |s Absenčne 
090 |g SCKHL  |k Sklad Hlavná 10 prízemie  |a IV.216283  |j 1042014  |i 2720265249  |s Absenčne